Parc Astérix : Attractions par image - Statistiques

Statistiques générales
  • Ce quiz a été pris 153 fois
  • Le résultat moyen est 12 sur 20
Statistiques - réponses
Par images Réponse % Correct
Goudurix
93%
Oziris
93%
Tonnerre 2 Zeus
91%
Toutatis
88%
Discobélix
78%
Pégase Express
78%
La revanche des pirates - Le Grand Splatch
69%
La Trace du Hourra
68%
Menhir Express
67%
La tour de Numérobis
62%
Le Vol d'Icare
55%
Le Cheval de Troie
53%
L'Oxygénarium
52%
SOS Tournevis
51%
La Galère
48%
Romus et Rapidus
44%
Les Chaudrons
43%
Le Défi de César
38%
Epidemaïs Croisières
35%
Le Carrousel de César
32%
Aucun quiz correspondant
Distribution des résultats
% des personnes avec chaque résultat
Percentile par nombre de réponses
Votre historique - résultats
Vous n’avez pas pris ce quiz